Times do Brasileirão que tem nomes de Estados ou Capitais - Statistics

Estatísticas Gerais
  • Esse quiz foi jogado 231 vezes
    155 desde o último reset
  • A pontuação média é 8 de 14
Estatísticas das Respostas
Série Resposta % Correto
A São Paulo
98%
A Bahia
85%
A Coritiba
78%
A Fortaleza
78%
B Ceará
76%
A Goiás
74%
A Cuiabá
69%
C Amazonas FC
61%
D Vitória FC
56%
C Manaus
48%
D CS Sergipe
40%
D Maranhão AC
23%
B Criciúma
20%
B Sport Recife
12%
Nenhum quiz correspondente encontrado
Distribuição das Pontuações
Porcentagem de Pessoas com Cada Pontuação
Percentil de Números Respondidos
Sua Pontuação Histórica
Você não jogou esse quiz desde o último reset